LEADER 00548nas a2200157 i 4500 001 000000013550 003 CaOOAMICUS 005 20180830125441.0 008 180830s1970 it u0 ita u 040 $aSeMil$bita 100 1 $aLevy, Saul.$0(OLS)http://semarc/name/4951 245 13$aLe maioliche italiane del 18. secolo. 260 $aMilano :$bGörlich,$ccopyr. 1970-[19--]?. 300 $av. ;$c35 cm. 996 $6245$aLe maioliche italiane del 18. secolo$9(OLS)http://semarc/title/18076 996 $6260$aMilano :$bGörlich$9(OLS)http://semarc/publisher/33294 LEADER 00822nam a2200205 i 4500 001 000000194561 003 CaOOAMICUS 005 20101120000000.0 008 101120s1957 it u000 u ita u 013 $a173220 040 $aSeMil$bita 100 1 $aCorbella, Enrico.$0(OLS)http://semarc/name/60839 245 10$aEnrico Montalbetti arcivescovo /$csac. Enrico Corbella. 260 $aComo :$bEmo Cavalleri,$c1957. 300 $aXVI, 264 p., [4] p. di tav. ;$c22 cm. 600 14$aMontalbetti, Enrico .$0(OLS)http://semarc/subject/8277 850 $aSeMil 852 $aSeMil$W1$xVenegono$y1$m3J V 182$j145132$B145132$CSeMilBibl$Z2$F156651 $81 996 $6245$aEnrico Montalbetti arcivescovo$9(OLS)http://semarc/title/280557 996 $6260$aComo :$bEmo Cavalleri$9(OLS)http://semarc/publisher/38200